|
|
|
|
| LEADER |
00874 a2200181 4500 |
| 008 |
150103s9999 000 0 eng |
| 082 |
|
|
|a 780.9548
|
| 100 |
|
|
|a Subrahmanya Ayyar, C.
|
| 245 |
|
|
|a Acoustics for music students/
|
| 250 |
|
|
|a 3rd ed.
|
| 260 |
|
|
|a Chennai:
|b Parampara,
|c c2002.
|
| 300 |
|
|
|a 72 p.
|
| 650 |
|
|
|a Carnatic music
|
| 942 |
|
|
|c BK
|
| 999 |
|
|
|c 304507
|d 304507
|
| 952 |
|
|
|0 0
|1 0
|2 ddc
|4 0
|6 780_954800000000000_SUB_AC
|7 0
|8 MUSIC
|9 348955
|a DRA
|b DRA
|c ST1
|d 2011-07-18
|g 72.00
|i 1323M
|l 0
|o 780.9548 SUB/AC
|p DRA1323M
|r 2019-01-03
|w 2019-01-03
|y BK
|
| 952 |
|
|
|0 0
|1 0
|2 ddc
|4 0
|6 780_954800000000000_SUB_AC
|7 0
|8 MUSIC
|9 348956
|a DRA
|b DRA
|c ST1
|d 2011-07-18
|g 72.00
|i 1324M
|l 0
|o 780.9548 SUB/AC
|p DRA1324M
|r 2019-01-03
|w 2019-01-03
|y BK
|
| 952 |
|
|
|0 0
|1 0
|2 ddc
|4 0
|6 780_954800000000000_SUB_AC
|7 0
|9 348957
|a DRA
|b DRA
|c ST1
|d 2016-02-04
|i 9032
|l 0
|o 780.9548 SUB/AC
|p DRA9032
|r 2019-01-03
|v 72.00
|w 2019-01-03
|y BK
|